000 00608nam a2200181Ia 4500
008 090123s9999 xx 000 0 und d
082 _b39805
100 _aराऊत मधुचंद्र
245 _aमधुचंद्राचा ठसका
250 _a1
260 _bप्राजक्त प्रकाशन
_c2006
300 _a96
600 _aराऊत मधुचंद्र
630 _aमधुचंद्राचा ठसका
700 _aराऊत मधुचंद्र
730 _aमधुचंद्राचा ठसका
942 _cBOOK
999 _c77877
_d77877